000 00550 a2200205 4500
005 20260312102804.0
008 260106b |||||||| |||| 00| 0 eng d
020 _a9789391113438
_cRs. 1295.00
040 _aMAIN
082 _a294.564
_bV837S:I
100 _aSondhi, M N
245 _aIntersection of yoga philosophy and spiritual awakening: Vivekananda and Patanjali
260 _aDelhi
_bKitabwallah
_c2023
300 _a260
650 _aReligion
650 _aYoga
700 _aBehl, Prashant
700 _aManoj Singh
942 _cBK
999 _c394170
_d394170